000 00406nam a22001337a 4500
008 160427b xxu||||| |||| 00| 0 eng d
050 _aBX3702.2.J58
100 _aJesuits
_98842
245 _aThe Jesuits today
_b: a study of the vocation in the modern world
_c/Jesuits
260 _aLondon
_bJesuit Information Office
_c1971
300 _a24p.;
_c22cm.
650 _aJesuits
_98842
942 _2lcc
_cMONOGRAPH
999 _c124731
_d124731